| 000 | 01255pam a2200337 a 4500 | ||
|---|---|---|---|
| 001 | 1478632 | ||
| 005 | 20170713094001.0 | ||
| 007 | 000 | ||
| 008 | 000 | ||
| 010 | _a 87027594 | ||
| 020 |
_a9027725004 : _c$99.00 (U.S.) |
||
| 020 |
_a9027725012 (pbk.) : _c$59.00 (U.S.) |
||
| 040 |
_aUOEL _cDLC _dDLC |
||
| 041 | 1 | _aengfre | |
| 050 | 0 | 0 |
_aQE475.A2 _b.R6313 1988 |
| 082 | 0 | 0 |
_a551.9 _219 |
| 100 | 1 |
_aRobert, Paul, _d1929- |
|
| 240 | 1 | 0 |
_aHistoire géothermique et diagenèse organique. _lEnglish |
| 245 | 1 | 0 |
_aOrganic metamorphism and geothermal history : _bmicroscopic study of organic matter and thermal evolution of sedimentary basins / _cPaul Robert. |
| 260 |
_aDordrecht ; _aBoston : _bD. Reidel Pub. Co. ; _aNorwell, MA : _bSold and distributed in U.S.A. and Canada by Kluwer Academic Publishers, _cc1988. |
||
| 300 |
_axxviii, 311 p. : _bill. ; _c31 cm. |
||
| 440 | 0 | _aSedimentology and petroleum geology | |
| 500 | _aTranslation of: Histoire géothermique et diagenèse organique. | ||
| 500 | _aIncludes indexes. | ||
| 504 | _aBibliography: p. 275-287. | ||
| 650 | 0 | _aMetamorphism (Geology) | |
| 650 | 0 | _aOrganic geochemistry. | |
| 650 | 0 | _aEarth temperature. | |
| 906 |
_a7 _bcbc _corignew _d1 _eocip _f19 _gy-gencatlg |
||
| 942 |
_2lcc _cSBK |
||
| 999 |
_c12967 _d12967 |
||